Constelación de musas. (Registro nro. 2289)

Detalles MARC
000 -LEADER
fixed length control field 01864nam a2200217 a 4500
008 - CAMPO DE CONTROL (LIBRO)
fixed length control field 161215t2011 spa |||g ||| 001 p spa d
020 ## - INTERNATIONAL STANDARD BOOK NUMBER
ISBN 9789871083190
041 ## - CODIGO DE IDIOMA
Código de idioma del texto/pista de sonido o título separado spa
092 ## - SIGNATURA TOPOGRAFICA DEWEY LOCAL
número de clasificación 808.8
libristica 29
sección GIS
100 1# - ENTRADA PRINCIPAL--NOMBRE PERSONAL
Nombre personal Gismondi, Carmen L.
Función Dir.
9 (RLIN) 3138
245 ## - TITULO PROPIAMENTE DICHO
Título Constelación de musas.
Subtítulo y Título paralelo Antología de excepción /
Mención de responsabilidad y remanente de la transcripción de la portada Carmen L. Gismondi
250 ## - MENCION DE EDICION
Mención de edición 1a ed.
260 ## - PIE DE IMPRENTA
Lugar de publicación, distribución, etc Buenos Aires:
Nombre de la editorial, distribuidor, etc Altair;
Fecha de publicación 2009.
300 ## - DESCRIPCION FISICA
Extension 167 p.
500 ## - NOTA GENERAL
Nota general Gismondi, C. y Mateos, F. A. (Dirs.). (2009). Constelación de musas. Antología de excepción. (1a ed.). Buenos Aires : Altair.
505 ## - NOTA DE CONTENIDO
Nota de contenido formateada Difundir las obras de los autores, que cual bellas flores merecen ser valoradas y apreciadas en su gran variedad de colores y fragancias. Contribuir al intercambio comunicacional entre las personas, generando vínculos de amistad y confraternidad tan necesarios en estos días. Pasar a formar parte del patrimonio cultural de la Humanidad, como inalterables testimonios de su historia para conocimiento de generaciones futuras, pues cada poema, es en definitiva un fragmento de vida, narrado con la armonía y belleza que únicamente los poetas puedan hacerlo. Animados por un irrenunciable sentimiento universalista les hemos dado cabida en nuestras publicaciones a todas las expresiones literarias, desde las más elaboradas de sofisticados léxicos hasta las más simples, siempre y cuando estuvieran encuadradas en la no agresión, ética y respecto, pues estamos convencidos que el arte poético es el resultante de la comunicación sublime del espíritu, con las musas inspiradoras que lo asisten en la creación de los versos que siempre hallarán receptores en quienes también vibren en las mismas frecuencias.
590 ## - NOTAS LOCALES (RLIN)
Nota local Donación Carozzi, Norma Aida. Proyecto 4to libro
655 ## - MATERIA - GENERO/FORMA
Género/Forma Poesia
-- 2929
700 1# - ENTRADAS SECUNDARIAS - NOMBRE PERSONAL
Nombre personal Mateos, Felipe A.
Función Dir.
9 (RLIN) 3139
942 ## - ADDED ENTRY ELEMENTS (KOHA)
Source of classification or shelving scheme Dewey Decimal Classification
Item type LITERATURA
Existencias
Estado de retiro Existencia Fuente de clasificación Estado general No para prestamo Colección Ubicación permanente ubicación actual Sala de ubicación Fecha de adquisición Fuente de adquisición Total Checkouts Número de clasificación Código de barras Date last seen Número de ejemplar Price effective from Koha tipo de elemento (item) Public note
    Dewey Decimal Classification     Fiction Biblioteca Medicina Biblioteca Medicina Circulación 20/02/2017 Donación Carozzi, Norma Aida. 2016   808.8 29 GIS 3773 20/02/2017 Ej.1 20/02/2017 LITERATURA Proyecto 4to libro. Donación Carozzi Norma

UNIVERSIDAD NACIONAL DEL COMAHUE
Biblioteca de la Facultad de Ciencias Médicas
Sede Toschi: Los Arrayanes y Av. Toschi, Cipolletti  - Rio Negro
Sede Los Tordos:  Yrigoyen al 2211, Cipolletti - Rio Negro 

Teléfono: 0299 - 4774707 int 25
Contacto: biblioteca@facimed.uncoma.edu.ar
© 2011 - 2026